Optimal energy management for PV storage system in a hybrid microgrid using deep learning techniques / (رقم التسجيلة. 179876)

تفاصيل مارك
000 -LEADER
fixed length control field 05331namaa22004331i 4500
003 - CONTROL NUMBER IDENTIFIER
control field EG-GICUC
005 - أخر تعامل مع التسجيلة
control field 20260430202801.0
008 - FIXED-LENGTH DATA ELEMENTS--GENERAL INFORMATION
fixed length control field 260430s2025 ua a|||frm||| 000 0 eng d
040 ## - CATALOGING SOURCE
Original cataloguing agency EG-GICUC
Language of cataloging eng
Transcribing agency EG-GICUC
Modifying agency EG-GICUC
Description conventions rda
041 0# - LANGUAGE CODE
Language code of text/sound track or separate title eng
Language code of summary or abstract eng
-- ara
049 ## - Acquisition Source
Acquisition Source Deposit
082 04 - DEWEY DECIMAL CLASSIFICATION NUMBER
Classification number 006.31
092 ## - LOCALLY ASSIGNED DEWEY CALL NUMBER (OCLC)
Classification number 006.31
Edition number 21
097 ## - Degree
Degree Ph.D
099 ## - LOCAL FREE-TEXT CALL NUMBER (OCLC)
Local Call Number Cai01.13.08.Ph.D.2025.Mo.O
100 0# - MAIN ENTRY--PERSONAL NAME
Authority record control number or standard number Mohamed Sayed Mohamed Ibrahim,
Preparation preparation.
245 10 - TITLE STATEMENT
Title Optimal energy management for PV storage system in a hybrid microgrid using deep learning techniques /
Statement of responsibility, etc. by Mohamed Sayed Mohamed Ibrahim ; Supervisors Prof. Dr. Hanan Ahmed Kamal, Prof. Dr. Sawsan Morkos Gharghory.
246 15 - VARYING FORM OF TITLE
Title proper/short title اﻹدارة اﻟﻤﺜﻠﻰ ﻟﻠﻄﺎﻗﺔ ﻟﻨﻈﺎم اﻟﺘﺨﺰﯾﻦ اﻟﻜﮭﺮوﺿﻮﺋﻲ ﻓﻲ ﺷﺒﻜﺔ ﺻﻐﯿﺮة ھﺠﯿﻨﺔ ﺑﺎﺳﺘﺨﺪام ﺗﻘﻨﯿﺎت اﻟﺘﻌﻠﻢ اﻟﻌﻤﯿﻖ
264 #0 - PRODUCTION, PUBLICATION, DISTRIBUTION, MANUFACTURE, AND COPYRIGHT NOTICE
Date of production, publication, distribution, manufacture, or copyright notice 2024.
300 ## - PHYSICAL DESCRIPTION
Extent 106 pages :
Other physical details illustrations ;
Dimensions 30 cm. +
Accompanying material CD.
336 ## - CONTENT TYPE
Content type term text
Source rda content
337 ## - MEDIA TYPE
Media type term Unmediated
Source rdamedia
338 ## - CARRIER TYPE
Carrier type term volume
Source rdacarrier
502 ## - DISSERTATION NOTE
Dissertation note Thesis (Ph.D)-Cairo University, 2025.
504 ## - BIBLIOGRAPHY, ETC. NOTE
Bibliography, etc. note Bibliography: pages 96-106.
520 #3 - SUMMARY, ETC.
Summary, etc. Solar energy is a key renewable resource in the pursuit of global clean energy goals. However, like other <br/>renewable sources, it suffers from intermittency and unpredictability, which pose challenges to grid <br/>stability. Energy storage systems offer a viable solution by storing excess energy for use during periods of <br/>low solar generation. This thesis addresses the major challenges faced by hybrid microgrids and presents a <br/>comprehensive, integrated solution based on advanced algorithmic techniques. In the first part, two novel <br/>hybrid deep learning models are proposed for forecasting photovoltaic (PV) power generation and load <br/>demand over various time horizons ranging from 30 minutes to 24 hours. These models, namely, the <br/>CNN-LSTM Autoencoder and the LSTM-CNN Transformer, demonstrate improved accuracy and <br/>adaptability across short- and long-term forecasts. In the second part, the attention is towards managing <br/>battery energy systems. A new Hybrid Grey Wolf Optimizer–Particle Swarm Optimization (GWO-PSO) <br/>algorithm is developed to optimize the charging and discharging schedule of a PV-battery storage system <br/>connected to a microgrid. The proposed method effectively minimizes grid power consumption peaks, <br/>enhancing the overall efficiency and stability of the system.
520 #3 - SUMMARY, ETC.
Summary, etc. تُعد الطاقة الشمسية من أهم مصادر الطاقة المتجددة لتحقيق أهداف الطاقة النظيفة على مستوى العالم. ومع ذلك، فإنها، كغيرها من مصادر الطاقة المتجددة، تعاني من التقطع والعشوائية، مما يسبب تحديات في استقرار الشبكات الكهربائية. وتُعد أنظمة تخزين الطاقة حلاً فعالاً لهذه المشكلة، حيث تتيح تخزين الفائض من الطاقة لاستخدامه في فترات انخفاض التوليد الشمسي. يتناول هذا البحث التحديات الرئيسية التي تواجه الشبكات الصغيرة الهجينة، ويقدم حلاً شاملاً ومتكاملاً يعتمد على تقنيات خوارزمية متقدمة. في الجزء الأول، تم اقتراح نموذجين جديدين للتعلم العميق الهجين لتوقع توليد الطاقة الكهروضوئية والطلب على الطاقة على مدى آفاق زمنية متعددة تتراوح بين 30 دقيقة و24 ساعة. النموذجان المقترحان، وهما الشبكة الهجينة CNN-LSTM Autoencoder وشبكة LSTM-CNN Transformer، أظهرا دقة عالية وقابلية للتكيف في التنبؤات قصيرة وطويلة الأمد. في الجزء الثاني، فيُركّز على إدارة بطاريات التخزين. حيث تم تطوير خوارزمية هجينة جديدة تجمع بين خوارزمية الذئب الرمادي (GWO) وخوارزمية تحسين أسراب الجسيمات (PSO)، بهدف تحسين جدول شحن وتفريغ نظام تخزين الطاقة الكهروضوئية المتصل بالشبكة الصغيرة. وتُظهر النتائج أن الطريقة المقترحة تُقلل من ذروة استهلاك الطاقة من الشبكة، مما يُحسّن من كفاءة واستقرار النظام بشكل عام.
530 ## - ADDITIONAL PHYSICAL FORM AVAILABLE NOTE
Issues CD Issues also as CD.
546 ## - LANGUAGE NOTE
Text Language Text in English and abstract in Arabic & English.
650 #0 - SUBJECT ADDED ENTRY--TOPICAL TERM
Topical term or geographic name entry element Deep Learning
650 #0 - SUBJECT ADDED ENTRY--TOPICAL TERM
Topical term or geographic name entry element اﻟﺘﻌﻠﻢ اﻟﻌﻤﯿﻖ
653 #1 - INDEX TERM--UNCONTROLLED
Uncontrolled term Autoencoder
-- transformer
-- PV
-- HGPO
-- Microgrid
700 0# - ADDED ENTRY--PERSONAL NAME
Personal name Hanan Ahmed Kamal
Relator term thesis advisor.
700 0# - ADDED ENTRY--PERSONAL NAME
Personal name Sawsan Morkos Gharghory
Relator term thesis advisor.
900 ## - Thesis Information
Grant date 01-01-2025
Supervisory body Hanan Ahmed Kamal
-- Sawsan Morkos Gharghory
Discussion body Mohamed A. Moustafa Hassan
-- Ahmad Mohamed Elgarhy
Universities Cairo University
Faculties Faculty of Engineering
Department Department of Electronics and Communications Engineering
905 ## - Cataloger and Reviser Names
Cataloger Name Shimaa
942 ## - ADDED ENTRY ELEMENTS (KOHA)
Source of classification or shelving scheme Dewey Decimal Classification
Koha item type Thesis
Edition 21
Suppress in OPAC No
المقتنيات
Source of classification or shelving scheme Home library Current library Date acquired Inventory number Full call number Barcode Date last seen Effective from Koha item type
Dewey Decimal Classification المكتبة المركزبة الجديدة - جامعة القاهرة قاعة الرسائل الجامعية - الدور الاول 30.04.2026 93928 Cai01.13.08.Ph.D.2025.Mo.O 01010110093928000 30.04.2026 30.04.2026 Thesis
Cairo University Libraries Portal Implemented & Customized by: Eng. M. Mohamady Contacts: new-lib@cl.cu.edu.eg | cnul@cl.cu.edu.eg
CUCL logo CNUL logo
© All rights reserved — Cairo University Libraries
CUCL logo
Implemented & Customized by: Eng. M. Mohamady Contact: new-lib@cl.cu.edu.eg © All rights reserved — New Central Library
CNUL logo
Implemented & Customized by: Eng. M. Mohamady Contact: cnul@cl.cu.edu.eg © All rights reserved — Cairo National University Library